00816nam a22002297a 450000500170000000800410001701000130005802000260007103500130009703700080011004000120011808200060013010000170013624500600015326000340021327000500024730000190029750000490031694200200036599900170038595201840040220150312165627.0150312b xxu||||| |||| 00| 0 eng d aB-591396 c599.00a9780701189051 aB-591396 bUBH adplben aN aGomber, K.L. aThe narrow road to the deep north/cby Richard Flanagan aLondonbChatto & Windusc2014 aRandum House, 20 Vauxhall Bridge RoadbLondon a448pc24cm(hb) aA novel, winner of the Man Booker Prize 2014 2ddccENhNmFLA c92243d92243 00102ddc40708FICaZLSbZLSd2015-03-12eUBH/227/20.12.14/DPL/ZLS/RP/2014-15/3/15/8.12.14/20.1.15g599.00l3m1oN FLApB-591396r2024-04-26 00:00:00s2024-04-12t1v599.00yEN